00435nam a2200181Ia 4500003000400000005001700004008004000021020001500061040000700076041000800083082001500091100002400106245004200130250000700172260003500179300001600214650002300230OSt20250705101317.0210210b2004 xxu||||| |||| 00| 0 eng d a8170149053 cAL aeng a541.3 SONT aSoni P L and Others aText book of physical chemistry Ed 22 a22 aN DbSultan Chand & Sonsc2004 axxix,1030p. aPhysical Chemistry